000 00571nam a2200157 a 4500
008 120416s1966 ||||||||||||||||| || u
050 _aQD 161 Jol
100 _aJolly, William L
245 1 4 _aThe chemistry of the non-metals
260 _aEnglewood Cliffs
_bFT Prentice-Hall
_c1966
300 _aviii, 149p. : ill.
350 _a0.00
650 0 _aCHEMISTRY--HANDBOOKS, MANUALS, ETC
650 0 _aCHEMISTRY, METALLURGIC
995 _D0.00
_FCBU-MAIN LIBRARY (Kitwe)
_H1
_I3.25
_M1
_UDAMAGED
_ZMain Library Open Access Collection
999 _c37230
_d37230